Statistiques concernant Effectif détaillé du Stade Brestois saison 2023-2024

Cliquez ici pour prendre le quiz!

Statistiques générales

  • Ce quiz a été pris 37 fois
  • Le résultat moyen est 18 sur 24

Statistiques - réponses

NationalitéAncien clubPosteNuméroRéponse% Correct
FranceOGC NiceCoachEric Roy
97%
Pays-BasAZ AlkmaarGardien40Marco Bizot
97%
UruguayInter Milan *Attaquant7Martin Satriano
94%
BeninHuddersfield TownAttaquant9Steve Mounie
94%
MarocWydad ACDéfenseur4Achraf Dari
90%
FranceStade de ReimsDéfenseur2Bradley Locko
90%
FranceFormé au SB29Défenseur5Brendan Chardonnet
90%
FranceStade BriochinAttaquant22Jeremy Le Douaron
90%
FranceOlympiakosDéfenseur27Kenny Lala
90%
FranceStade Rennais FCDéfenseur3Lilian Brassier
87%
FranceNorwich CityMilieu20Pierre Lees Melou
87%
FranceLOSC LilleMilieu28Jonas Martin
84%
FranceFormé au SB29Milieu8Hugo Magnetti
81%
FranceAS Saint-EtienneMilieu45Mahdi Camara
77%
PortugalAngers SCOMilieu26Mathias Pereira Lage
74%
FranceAmiens SCGardien30Grégoire Coudert
71%
AngleterreCeltic FCAttaquant70Karamoko Dembele
71%
FranceFormé au SB29Milieu11Axel Camblan
68%
FranceStade Rennais FCMilieu10Romain Del Castillo
55%
FranceSV Waldhof
Mannheim 07
Milieu14Adrien Lebeau
52%
MartiniqueOGC NiceDéfenseur23Christophe Hérelle
52%
FranceFormé au SB29Défenseur44Josué Escartin
52%
FranceAC AjaccioAttaquant97Taïryk Arconte
45%
FranceFormé au SB29Milieu18Hianga'a Mbock
32%

Distribution des résultats

Percentile par nombre de réponses

% des personnes avec chaque résultat

Votre développement - résultats

Vous n’avez pas pris ce quiz